00622 2200169 4500245004800000020002200048250001100070100002300081650002000104005001900124260003600143041001400179084001100193300003100204500020800235336000900443 aHappy Birth - diecRisma Ridha AnissahText a978-602-430-559-8 aCet. 1 aRisma Ridha Anissa aNovel Indonesia a20231002094814 aYogyakartabBentang Beliac2019 aIndonesia a808.83 aviii, 344 hlm. :c20.8 cm. aPijar seringkali dipanggil zombi oleh teman temannya. Cewek itu dikenal misterius karena penampilannya yang serang wajah datar dan gak pernah senyum dan. Banyak yang nggak mau berurusan dengannya, ngeri. atext